Children's ministry guide for smaller churches. (Record no. 9087)

000 -LEADER
fixed length control field 00841nam a2200205 a 4500
001 - CONTROL NUMBER
control field :::00006868$&:&@@
003 - CONTROL NUMBER IDENTIFIER
control field OkBaRHE
005 - DATE AND TIME OF LATEST TRANSACTION
control field 20100401150629.0
008 - FIXED-LENGTH DATA ELEMENTS--GENERAL INFORMATION
fixed length control field s1995 j 000 0 eng u
040 ## - CATALOGING SOURCE
Transcribing agency
100 1# - MAIN ENTRY--PERSONAL NAME
Personal name Chromey, Rick.
245 10 - TITLE STATEMENT
Title Children's ministry guide for smaller churches.
260 ## - PUBLICATION, DISTRIBUTION, ETC. (IMPRINT)
Place of publication, distribution, etc Loveland, CO., : Group
Date of publication, distribution, etc 1995
300 ## - PHYSICAL DESCRIPTION
Extent 139 p. ;
Dimensions 23 cm.
650 ## - SUBJECT ADDED ENTRY--TOPICAL TERM
Topical term or geographic name as entry element Church Work with Children
General subdivision United States.
650 ## - SUBJECT ADDED ENTRY--TOPICAL TERM
Topical term or geographic name as entry element Small Churches
General subdivision United States.
942 ## - ADDED ENTRY ELEMENTS (KOHA)
Source of classification or shelving scheme
Koha item type Books
Copies
Current Location Full call number Not for loan Copy number Source of classification or shelving scheme Shelving location Total Checkouts Total Renewals Date acquired Price effective from Date last seen Date checked out Withdrawn status Damaged status Barcode Koha item type Permanent Location Lost status
RHEMA Bible Training CollegeBV 639 .C4C47 1995 1 General Stacks112010-04-142010-04-142012-02-232010-10-20  6868BooksRHEMA Bible Training College 
RHEMA Bible Training CollegeBV 639 .C4C47 1995 2 General Stacks1 2010-04-142010-04-142012-02-102010-04-15  19390BooksRHEMA Bible Training CollegeLong Overdue (Lost)
RHEMA Bible Training CollegeBV 639 .C4C47 1995 3 General Stacks1 2011-10-072011-10-072012-02-252012-02-08  22151BooksRHEMA Bible Training College